[Event "11th Christmas Open"]
[Site "Litomysl CZE"]
[Date "2009.12.30"]
[Round "6"]
[White "Simacek,P"]
[Black "Jedlicka,A"]
[Result "1-0"]
[WhiteElo "2513"]
[BlackElo "2320"]

1.e4 d6 2.d4 Nf6 3.Nc3 e5 4.Nf3 Nbd7 5.Bc4 Be7 6.O-O O-O 7.Qe2 c6 8.a4 Qc7
9.Rd1 b6 10.d5 Bb7 11.dxc6 Bxc6 12.Bg5 Rac8 13.b3 h6 14.Bh4 Qb8 15.Nd2 g5
16.Bg3 Nc5 17.f3 Ne6 18.Nf1 Nd4 19.Qd2 Qb7 20.Qd3 Ra8 21.Ne3 a6 22.Ncd5 b5
23.Nxf6+ Bxf6 24.Bd5 Bxd5 25.Nxd5 Bg7 26.b4 Ne6 27.c3 Nf4 28.Bxf4 exf4 29.Ra3 Rae8
30.axb5 axb5 31.Ra5 f5 32.exf5 Re5 33.Qxb5 Qxb5 34.Rxb5 Rfxf5 35.Ne7+ Rxe7
36.Rxf5 Bxc3 37.Rxd6 Kg7 38.h4 Bxb4 39.Rb6 Bd2 40.Kh2 gxh4 41.Rh5 Be1 42.Kh3 Bf2
43.Rbxh6 Re1 44.Rxh4 Rh1+ 45.Kg4 Rg1 46.Rh7+  1-0

[Event "IX Gema Open"]
[Site "Mondariz ESP"]
[Date "2009.12.30"]
[Round "7"]
[White "Korneev,O"]
[Black "Strikovic,A"]
[Result "0-1"]
[WhiteElo "2571"]
[BlackElo "2519"]

1.e4 d6 2.d4 Nf6 3.Nc3 e5 4.Nf3 Nbd7 5.Bc4 Be7 6.O-O Nb6 7.Bb3 exd4 8.Qxd4 O-O
9.h3 Nfd7 10.Be3 a5 11.a3 Nc5 12.Ba2 Be6 13.Rfd1 Bxa2 14.Rxa2 Ne6 15.Qd3 c6
16.Raa1 Nd7 17.Nd4 Nxd4 18.Bxd4 Re8 19.a4 Bf8 20.Ne2 Qe7 21.Ng3 Nc5 22.Bxc5 dxc5
23.Qd7 g6 24.Qxe7 Rxe7 25.f3 Bg7 26.c3 c4 27.Kf2 Rae8 28.Rd2 h5 29.h4 Bf6
30.Rh1 b5 31.Rd6 Re6 32.Rxe6 fxe6 33.Nf1 Rd8 34.Ke2 b4 35.Ne3 bxc3 36.bxc3 Bxc3
37.Rd1 Rb8 38.Nxc4 Rb4 39.Rd8+ Kg7 40.Kd3 Be1 41.Rd7+ Kf8 42.Ne5 Bxh4 43.Nxg6+ Ke8
44.Rd4 Rxd4+ 45.Kxd4 Bg3 46.f4 Kd7 47.Ne5+ Kd6 48.Nc4+ Kd7 49.Ke5 Be1 50.Kf6 c5
51.e5 Bh4+ 52.Kg7 Bg3 53.Kg6 Kc6 54.Kf6 Kd5 55.Nb6+ Kd4 56.f5 exf5 57.e6 c4
58.Kxf5 Bh4 59.Nxc4 Kxc4 60.Kg6 Kd5 61.Kxh5 Bf6 62.g4 Kxe6 63.g5 Be5 64.g6  0-1

[Event "Christamas Open Masters"]
[Site "Zurich SUI"]
[Date "2009.12.30"]
[Round "7"]
[White "Jaracz,B"]
[Black "Meyer,B"]
[Result "1-0"]
[WhiteElo "2276"]
[BlackElo "2163"]

1.e4 d6 2.d4 Nf6 3.Nc3 e5 4.Nf3 Nbd7 5.Bc4 Be7 6.O-O O-O 7.Re1 b6 8.Bg5 Bb7
9.Qd2 a6 10.a4 c6 11.Bxf6 Bxf6 12.d5 c5 13.Ne2 Qc7 14.Ng3 g6 15.h4 Bg7 16.h5 Bc8
17.Qe2 Nf6 18.hxg6 hxg6 19.Nh2 Bh6 20.Ngf1 Kg7 21.f3 Rh8 22.g3 Qe7 23.Ne3 Nh5
24.Nhf1 Bf4 25.Qg2 Bd7 26.Kf2 Bxg3+ 27.Nxg3 Qh4 28.Rh1  1-0

[Event "18th Donau Open"]
[Site "Aschach AUT"]
[Date "2009.12.31"]
[Round "7"]
[White "Pomaro,A"]
[Black "Horvath,Jo1"]
[Result "0-1"]
[WhiteElo "2367"]
[BlackElo "2557"]

1.e4 d6 2.d4 Nf6 3.Nc3 e5 4.Nf3 Nbd7 5.Bc4 Be7 6.O-O O-O 7.Re1 a6 8.a4 b6
9.Ne2 Bb7 10.Ng3 exd4 11.Nxd4 Re8 12.b3 Bf8 13.Ndf5 Ne5 14.Bb2 g6 15.Qc1 gxf5
16.Qg5+ Kh8 17.Bxf7 Re7 18.f4 Rxf7 19.fxe5 dxe5 20.Bxe5 Bc5+ 21.Kh1 Qe7 22.exf5 Rg8
23.Qh4 Qf8 24.Rad1 Rgg7 25.Rd2 Kg8 26.Ree2 Be7 27.Qd4 Rg4 28.Qd3 Nd5 29.Qf3 Rg5
30.Rxd5 Rfxf5 31.Nxf5 Rxf5 32.Qg4+ Bg5 33.h4 Bxd5 34.hxg5 Be6 35.Qh4 Qd8
36.Bd4 Rf1+ 37.Kh2 Qd6+ 38.Re5 c5 39.g6 hxg6 40.Bc3 Qd1 41.Qe4 Kf7 42.Be1 Qg4
43.Qb7+ Bd7 44.Re4 Rf4 45.Re3 Rd4 46.Rf3+ Ke7 47.Rh3 Qe4 48.Bh4+ Ke6 49.Qxb6+ Bc6
50.Re3 Qxe3 51.Qxc6+ Kf7 52.Qf6+ Ke8 53.Qxg6+ Kd7 54.Qg7+ Kc6 55.Bg3 Rd7
56.Qg6+ Kb7 57.a5 c4 58.bxc4 Qd4 59.Qg8 Rd8 60.Qf7+ Qd7 61.Qf3+ Qc6 62.Qf7+ Ka8
63.Qf4 Rc8 64.Bf2 Qxc4 65.Qe3 Qc7+ 66.Kg1 Qb7 67.Qd2 Qb1+ 68.Kh2 Rh8+ 69.Kg3 Qb8+
70.Kf3 Qb7+ 71.Ke2 Qxg2 72.Qe3 Qg4+ 73.Kd2 Rd8+ 74.Kc3 Qg7+ 75.Kb3 Rb8+ 76.Kc4 Rc8+
77.Kb3 Rb8+ 78.Kc4 Qb7 79.Kc3 Qb2+ 80.Kd3 Rd8+ 81.Ke2 Qxc2+ 82.Kf1 Qd1+ 83.Qe1 Qf3  0-1

[Event "Meister Open"]
[Site "Basel SUI"]
[Date "2010.01.02"]
[Round "3"]
[White "Heimann,An"]
[Black "Pelletier,Y"]
[Result "0-1"]
[WhiteElo "2464"]
[BlackElo "2602"]

1.e4 d6 2.d4 Nf6 3.Nc3 e5 4.Nf3 Nbd7 5.Bc4 Be7 6.O-O c6 7.a4 a5 8.Re1 O-O
9.h3 Nb6 10.Bb3 Nfd7 11.Be3 exd4 12.Bxd4 Nc5 13.Bxc5 dxc5 14.Qe2 Qd6 15.Rad1 Qh6
16.Ne5 Be6 17.Bxe6 Qxe6 18.Nf3 Rad8 19.e5 Qc4 20.Qxc4 Nxc4 21.Kf1 Rxd1 22.Rxd1 Rb8
23.Rb1 f6 24.exf6 Bxf6 25.Ne4 Bxb2 26.Ned2 Nxd2+ 27.Nxd2 Be5 28.Nc4 Bc7 29.Nb6 Rd8
30.Nc4 b6 31.Ke2 Rb8 32.Na3 Re8+ 33.Kd3 Rd8+ 34.Kc3 Rd4 35.Nc4 h5 36.Rb3 Bd8
37.Rb1 Rf4 38.f3 Bf6+  0-1

[Event "85th Masters"]
[Site "Hastings ENG"]
[Date "2010.01.02"]
[Round "6"]
[White "Hebden,M"]
[Black "Greet,A"]
[Result "1/2-1/2"]
[WhiteElo "2522"]
[BlackElo "2423"]

1.d4 d6 2.e4 Nf6 3.Nc3 e5 4.Nf3 Nbd7 5.Bc4 Be7 6.O-O O-O 7.a4 c6 8.Re1 Qc7
9.h3 b6 10.d5 Bb7 11.dxc6 Bxc6 12.b3 Nc5 13.Bd5 Nxd5 14.Nxd5 Qb7 15.c4 Bxd5
16.exd5 a5 17.Nh2 f5 18.Be3 Bf6 19.Rb1 e4 20.f3 Rae8 21.fxe4 Nxe4 22.Bd4 Bxd4+
23.Qxd4 Qc7 24.Nf3 Qc5 25.Kh2 Ng5 26.Qf4 Nxf3+ 27.Qxf3 Re5 28.Rxe5 dxe5 29.Qc3 Qd6
30.Kh1 e4 31.Qd4 Re8 32.Re1 h6 33.Re2 Kf7 34.Re1 Kg8 35.Re2 Kf7 36.Re1 Qc5
37.Qd1 g6 38.Qe2 Ke7 39.Qd2 Qb4 40.Qe3 Kd6 41.Rf1 Kd7 42.g4 Re5 43.gxf5 Rxf5
44.Rxf5  1/2-1/2

[Event "85th Masters"]
[Site "Hastings ENG"]
[Date "2010.01.02"]
[Round "6"]
[White "Franklin,S"]
[Black "Lorscheid,G"]
[Result "0-1"]
[WhiteElo "2139"]
[BlackElo "2348"]

1.e4 d6 2.d4 Nf6 3.Nc3 e5 4.Nf3 Nbd7 5.Bc4 Be7 6.O-O O-O 7.Re1 a6 8.a4 b6
9.Ne2 Bb7 10.Ng3 Nxe4 11.Nxe4 d5 12.dxe5 dxe4 13.e6 fxe6 14.Nd4 Ne5 15.Ba2 Bc5
16.Be3 Bxd4 17.Bxe6+ Kh8 18.Qxd4 Qf6 19.Bh3 g5 20.Qc3 c5 21.f3 exf3 22.Bf2 Ng6
23.Qxf6+ Rxf6 24.g3 a5 25.Rad1 Ba6 26.Bf1 Bxf1 27.Kxf1 Ra7 28.c3 Kg7 29.b4 axb4
30.cxb4 Rxa4 31.bxc5 bxc5 32.Bxc5 Kh6 33.Be3 Kh5 34.Rd5 h6 35.h4 Ne7 36.Rd4 Rxd4
37.Bxd4 Rf7 38.hxg5 hxg5 39.Re4 g4 40.Re5+ Nf5 41.Bf2 Kg6 42.Re8 Rb7 43.Re1 Rb4
44.Ra1 Rc4 45.Rb1 Kf7 46.Ra1 Nd6 47.Be1 Ne4 48.Ra5 Ke6 49.Ra6+ Ke5 50.Rg6 Kf5
51.Rg8 Rc1 52.Rf8+ Ke5  0-1

[Event "39th Rilton Cup"]
[Site "Stockholm SWE"]
[Date "2010.01.02"]
[Round "6"]
[White "Gavrilov,Al1"]
[Black "Berczes,C"]
[Result "1-0"]
[WhiteElo "2481"]
[BlackElo "2379"]

1.e4 d6 2.d4 Nf6 3.Nc3 e5 4.Nf3 Nbd7 5.Bc4 Be7 6.O-O O-O 7.Re1 c6 8.a4 b6
9.Bg5 Bb7 10.Bxf6 Bxf6 11.d5 c5 12.a5 bxa5 13.Nd2 Nb6 14.Bf1 Rc8 15.Nb3 c4
16.Nxa5 Ba8 17.Na4 Nxa4 18.Rxa4 c3 19.bxc3 Bg5 20.c4 f5 21.exf5 Rxf5 22.Bd3 Rf7
23.Nb3 Qd7 24.Ra6 Rcf8 25.Qh5 Bh6 26.Re2 Qb7 27.Rxd6 a5 28.Qxe5 a4 29.Nc5 Qa7
30.Qd4 Rf4 31.Re4 Qb8 32.Rxh6 Qb1+ 33.Bf1 Rxf2 34.Qxf2 Rxf2 35.Kxf2 Qxc2+
36.Be2 Bxd5 37.Rg4 Qf5+ 38.Ke1 Qb1+ 39.Kf2 Qf5+ 40.Kg1 Bf7 41.Ne4 Bg6 42.Rh3 Qa5
43.Kf1 a3 44.c5 a2 45.Bc4+ Kf8 46.Rf4+ Ke7 47.Bxa2 Qxa2 48.Re3 Kd7 49.h3 Kc6
50.Ng3 Qd2 51.Rff3 Qd1+ 52.Kf2 Qd4 53.Ne2 Qd2 54.Re6+ Kxc5 55.Rc3+ Kb5 56.Ree3 Bf7
57.Rcd3 Qb2 58.Kg3 Qf6 59.Kh2 Bc4  1-0

[Event "39th Rilton Cup"]
[Site "Stockholm SWE"]
[Date "2010.01.02"]
[Round "6"]
[White "Von Bahr,O"]
[Black "Berczes,D"]
[Result "1/2-1/2"]
[WhiteElo "2316"]
[BlackElo "2512"]

1.e4 d6 2.d4 Nf6 3.Nc3 e5 4.Nf3 Nbd7 5.Bc4 Be7 6.O-O O-O 7.Re1 a6 8.a4 b6
9.h3 Bb7 10.d5 c6 11.dxc6 Bxc6 12.Bg5 Qc7 13.Qe2 Bb7 14.Nh4 g6 15.Nf3 Kg7
16.Nh2 Rfc8 17.Ba2 Ng8 18.Bxe7 Nxe7 19.Rad1 Nf6 20.Ng4 Neg8 21.Rd3 Qc5 22.Red1 Qb4
23.Nxf6 Nxf6 24.Rxd6 Rc7 25.Bb3 Nxe4 26.Nxe4 Qxe4 27.Qxe4 Bxe4 28.Rxb6 Bxc2
29.Rc1 Rac8 30.Bxc2 Rxc2 31.Rxc2 Rxc2 32.b4 Rb2 33.g4 h6 34.Kg2 e4 35.Kg3 g5
36.h4 Rb3+ 37.Kg2 gxh4 38.b5 Rb2 39.Kh3 axb5 40.Rxb5 Rxf2 41.Re5 Rf4 42.Kxh4 e3
43.Kg3 Rxa4 44.Rxe3  1/2-1/2

[Event "ZVO Open"]
[Site "Borovo CRO"]
[Date "2010.01.03"]
[Round "3"]
[White "Rubil,M"]
[Black "Novakovic,D"]
[Result "0-1"]
[WhiteElo "2123"]
[BlackElo "2315"]

1.e4 c6 2.d4 d6 3.Nc3 Nf6 4.f4 g6 5.Nf3 Bg7 6.Bd3 Bg4 7.h3 Bxf3 8.Qxf3 Qb6
9.e5 dxe5 10.fxe5 Nfd7 11.Qf2 O-O 12.Ne4 c5 13.c3 cxd4 14.cxd4 Nc6 15.Be3 Nb4
16.Bb1 Nd5 17.Bc1 f6 18.exf6 N7xf6 19.Ng5 Nh5 20.Nf3 Rxf3 21.Qxf3 Qxd4 22.Qd3 Qe5+
23.Qe4 Qg3+ 24.Kd1 Rd8 25.Ke2 Ndf4+  0-1

[Event "85th Masters"]
[Site "Hastings ENG"]
[Date "2010.01.03"]
[Round "7"]
[White "Lorscheid,G"]
[Black "Martin,Andrew"]
[Result "1/2-1/2"]
[WhiteElo "2348"]
[BlackElo "2423"]

1.d4 d6 2.e4 Nf6 3.Nc3 c6 4.g3 Nbd7 5.a4 e5 6.Nge2 Be7 7.Bg2 O-O 8.O-O a5
9.h3 Re8 10.Be3 Bf8 11.g4 exd4 12.Bxd4  1/2-1/2

[Event "15th Open"]
[Site "Bosnjaci CRO"]
[Date "2010.01.04"]
[Round "2"]
[White "Berke,A"]
[Black "Biti,O"]
[Result "0-1"]
[WhiteElo "2127"]
[BlackElo "2399"]

1.e4 d6 2.d4 Nf6 3.Nc3 e5 4.Nf3 Nbd7 5.g4 Nxg4 6.Rg1 Ngf6 7.Bc4 h6 8.Be3 c6
9.dxe5 dxe5 10.Qd3 b5 11.Bxf7+ Kxf7 12.Nxe5+ Nxe5 13.Qxd8 Nf3+ 14.Kd1 Nxg1
15.Qc7+ Be7 16.Qxc6 b4 17.Nd5 Bg4+ 18.Kc1 Rac8 19.Qb7 Nxd5 20.Qxd5+ Kg6 21.b3 Rhd8
22.Qb5 Ne2+ 23.Kb2 Nc3 24.Qa5 Nd1+ 25.Rxd1 Rxd1 26.f3 Bf6+ 27.e5 Bf5  0-1

[Event "22nd Open"]
[Site "Staufer GER"]
[Date "2010.01.04"]
[Round "5"]
[White "Gruenter,M"]
[Black "Pribyl,Jo"]
[Result "0-1"]
[WhiteElo "2150"]
[BlackElo "2344"]

1.e4 d6 2.d4 Nf6 3.Nc3 e5 4.Nf3 Nbd7 5.Bc4 Be7 6.O-O O-O 7.Re1 c6 8.a4 b6
9.d5 c5 10.a5 bxa5 11.Nd2 Nb6 12.Rxa5 Nxc4 13.Nxc4 Ne8 14.Ra3 Bd7 15.Na5 Qb6
16.Nc6 Bxc6 17.dxc6 Qxc6 18.Nd5 Bd8 19.Qh5 g6 20.Qh6 f5 21.Bg5 Qd7 22.Bxd8 Rxd8
23.Qg5 fxe4 24.Rxe4 Qf7 25.Ne7+ Kh8 26.Re2 Nf6 27.Rxa7 Ra8  0-1

[Event "Meister Open"]
[Site "Basel SUI"]
[Date "2010.01.05"]
[Round "7"]
[White "Milosevic,Go"]
[Black "Meyer,B"]
[Result "0-1"]
[WhiteElo "2380"]
[BlackElo "2144"]

1.e4 d6 2.d4 Nf6 3.Nc3 Nbd7 4.Nf3 e5 5.Be2 Be7 6.O-O O-O 7.a4 Re8 8.d5 Kh8
9.a5 a6 10.Nd2 g6 11.b4 Ng8 12.Na4 f5 13.Bb2 Nh6 14.c4 Bf6 15.c5 Bg7 16.cxd6 cxd6
17.Nc4 Nf6 18.Ncb6 Rb8 19.exf5 Bxf5 20.b5 axb5 21.Bxb5 Rf8 22.f3 Nh5 23.Qd2 Nf7
24.Rae1 Bh6 25.f4 Kg8 26.g3 exf4 27.gxf4 Qh4 28.Bc1 Nxf4 29.Qc3 Nh3+ 30.Kg2 Bxc1
31.Rxf5 Qg4+ 32.Qg3 Qxf5 33.Qxh3 Qxh3+ 34.Kxh3 Bd2 35.Re2 Bxa5 36.Nd7 Ne5
37.Nxe5 dxe5 38.Rxe5 Rf3+ 39.Kg2 Rbf8 40.d6 Rf2+ 41.Kg1 R2f5 42.Bc4+ Kh8  0-1

[Event "85th Masters"]
[Site "Hastings ENG"]
[Date "2010.01.05"]
[Round "9"]
[White "Eggleston,D"]
[Black "Lorscheid,G"]
[Result "1-0"]
[WhiteElo "2367"]
[BlackElo "2348"]

1.e4 d6 2.d4 Nf6 3.Nc3 e5 4.Nf3 Nbd7 5.Bc4 Be7 6.O-O O-O 7.Re1 c6 8.a4 b6
9.Bg5 a6 10.Qd2 Bb7 11.Rad1 b5 12.Bb3 Qc7 13.Nh4 g6 14.Bh6 exd4 15.Nf5 Rfe8
16.Nxe7+ Rxe7 17.Qxd4 Rae8 18.axb5 axb5 19.Bf4 c5 20.Qxd6 Qa5 21.Bg5 c4 22.Ra1 Qd8
23.Ba2 Re6 24.Qb4 Nd5 25.Nxd5 Qxg5 26.f4 Qd8 27.Bxc4 Bc6 28.Bd3 Bxd5 29.exd5 Rxe1+
30.Rxe1 Rxe1+ 31.Qxe1 Nf6 32.h3 Nxd5 33.Qe5 b4 34.Qd4 Qd6 35.Bc4 Qb6 36.Qxb6 Nxb6
37.Bb3 Kf8 38.Kf2 Ke7 39.Ke3 f6 40.Kd4 Kd6 41.h4 h6 42.g4  1-0

[Event "ZVO Open"]
[Site "Borovo CRO"]
[Date "2010.01.06"]
[Round "8"]
[White "Rubil,M"]
[Black "Mrkonjic,N"]
[Result "1/2-1/2"]
[WhiteElo "2123"]
[BlackElo "2382"]

1.e4 d6 2.d4 Nf6 3.Nc3 e5 4.dxe5 dxe5 5.Qxd8+ Kxd8 6.Nf3 Bd6 7.Nd2 Be6 8.Nc4 Bb4
9.Bg5 Bxc3+ 10.bxc3 h6 11.Bh4 Nd7 12.f3 g5 13.Bg3 Bxc4 14.Bxc4 Ke7 15.Rb1 b6
16.O-O Nh5 17.Bf2 Nf4 18.Rbd1 Rad8 19.Be3 Ne6 20.h4 f6 21.Kf2 Ndf8 22.Rxd8 Nxd8
23.a4 Ng6 24.hxg5 hxg5 25.a5 Nb7 26.axb6 axb6 27.Ra1 Na5 28.Bb5 Nf4 29.Bc5+ bxc5
30.Rxa5 Rd8 31.g3 Nh3+ 32.Ke3 Rd1 33.Be2 Rc1 34.Rxc5 Ng1 35.Kf2 Rxc2 36.Kxg1 Kd6
37.Rd5+ Ke6 38.Rc5  1/2-1/2

[Event "15th Open"]
[Site "Bosnjaci CRO"]
[Date "2010.01.06"]
[Round "5"]
[White "Pap,M"]
[Black "Bogut,Z"]
[Result "0-1"]
[WhiteElo "2521"]
[BlackElo "2427"]

1.e4 d6 2.d4 Nf6 3.Nc3 c6 4.h3 e5 5.Nf3 Nbd7 6.g4 Be7 7.g5 Nh5 8.Rg1 g6 9.Nh4 Nf8
10.d5 h6 11.Nf5 Bxf5 12.exf5 hxg5 13.Qf3 Rc8 14.Bd3 Qb6 15.fxg6 Nxg6 16.Bxg6 fxg6
17.Qd3 Kf7 18.Be3 Qa6 19.Qe4 Nf6 20.Qf3 cxd5 21.Bxg5 e4 22.Qf4 Rxh3 23.Bxf6 Bxf6
24.Qg4 Rcxc3 25.bxc3 Bxc3+ 26.Kd1 Rd3+  0-1

[Event "15th Open"]
[Site "Bosnjaci CRO"]
[Date "2010.01.06"]
[Round "6"]
[White "Zaja,I"]
[Black "Biti,O"]
[Result "1/2-1/2"]
[WhiteElo "2471"]
[BlackElo "2399"]

1.d4 d6 2.e4 Nf6 3.Nc3 e5 4.dxe5 dxe5 5.Qxd8+ Kxd8 6.Bc4 Ke8 7.Nf3 Bd6 8.Bg5 c6
9.O-O-O Bc7 10.a4 Nbd7 11.Be3 h6 12.h3 Ke7  1/2-1/2

[Event "52nd It"]
[Site "Reggio Emilia ITA"]
[Date "2010.01.06"]
[Round "9"]
[White "Godena,M"]
[Black "Bologan,V"]
[Result "1-0"]
[WhiteElo "2537"]
[BlackElo "2692"]

1.e4 d6 2.d4 Nf6 3.Nc3 e5 4.Nf3 Nbd7 5.Bc4 Be7 6.O-O O-O 7.Re1 c6 8.a4 a5
9.h3 Nb6 10.Bf1 exd4 11.Nxd4 d5 12.exd5 Nfxd5 13.Nxd5 Nxd5 14.c3 Bf6 15.Bc4 Nb6
16.Bb3 Bd7 17.Be3 c5 18.Nb5 Bxb5 19.axb5 Qc7 20.Qh5 Nd7 21.Rad1 a4 22.Qf5 axb3
23.Rxd7 Qa5 24.Qd5 b6 25.Qxb3 h6 26.Red1 Rae8 27.R7d6 Be5 28.Rc6 Rd8 29.Rf1 Qa7
30.Qc4 Bb8 31.b4 Qe7 32.bxc5 Qe5 33.g3 bxc5 34.Rxc5  1-0

[Event "Scheveningen"]
[Site "Turin ITA"]
[Date "2010.01.06"]
[Round "4"]
[White "Ljubisavljevic,Z"]
[Black "Molina,Fa"]
[Result "1/2-1/2"]
[WhiteElo "2296"]
[BlackElo "2228"]

1.e4 d6 2.d4 Nf6 3.Nc3 e5 4.f4 exd4 5.Qxd4 Nc6 6.Bb5 Bd7 7.Qe3 g6 8.Nf3 Bg7
9.O-O O-O 10.Bd2 Re8 11.Bd3 Ng4 12.Qe1 Nb4 13.h3 Nf6 14.Qh4 Nh5 15.Qf2 Bc6
16.Rae1 Nxd3 17.cxd3 f5 18.Nd4 Bxd4 19.Qxd4 Qf6 20.Qf2 Ng7 21.g4 h5 22.gxf5 gxf5
23.Kh2 Kf7 24.Rg1 Ne6 25.exf5 Qxf5 26.Ne4 Rg8 27.Qe3 Rae8 28.Ng3 Qd5 29.Ne4 Nd4
30.Rxg8 Rxg8 31.Rg1 Rxg1 32.Kxg1 Nf5 33.Qe2 Qd4+ 34.Kh2 Ng7 35.Bc3 Qd5 36.Qg2 Ne6
37.Qe2 Qf5 38.Ng5+ Nxg5 39.Qxh5+ Ke6 40.Qh6+ Kd7 41.Qxg5 Qxd3 42.Qg4+ Ke7
43.Qg7+ Ke8 44.Qg6+ Kd7 45.Qf7+ Kc8 46.Qe6+  1/2-1/2

[Event "15th Open"]
[Site "Bosnjaci CRO"]
[Date "2010.01.07"]
[Round "7"]
[White "Dabo Peranic,R"]
[Black "Stocko,J"]
[Result "1/2-1/2"]
[WhiteElo "2315"]
[BlackElo "2194"]

1.e4 d6 2.d4 Nf6 3.Nc3 e5 4.dxe5 dxe5 5.Qxd8+ Kxd8 6.Bc4 Ke8 7.f3 c6 8.a4 Nbd7
9.a5 h6 10.Nge2 Nc5 11.b4 Be6 12.Ba2 Na6 13.Bxe6 fxe6 14.b5 Nb4 15.Kd1 Rd8+
16.Bd2 Bc5 17.Kc1 Kf7 18.Ra4 cxb5 19.Nxb5 a6 20.Na3 Na2+ 21.Kd1 Nb4 22.Nc4 Nc6
23.Nc1 Ne8 24.Nd3 Bd4 25.Ke2 Nd6 26.c3 Nxc4 27.Rxc4 Ba7 28.Rb1 Kf6 29.f4 exf4
30.e5+ Kg6 31.Nxf4+ Kh7 32.Rxb7 Nxa5 33.Rxg7+ Kxg7 34.Rc7+ Kg8 35.Rxa7 Nc6
36.Rxa6 Nxe5 37.Nxe6 Re8 38.Kd1 Kf7 39.Nd4 Nc4 40.Bxh6 Ra8 41.Rxa8 Rxa8 42.Ke2 Ra2+
43.Kf3 Ne5+ 44.Kg3 Kg6 45.Bf4 Nd3 46.Be3 Ne1 47.Bf2 Nd3 48.Be3 Ne1 49.Bf2 Nd3  1/2-1/2

[Event "Scheveningen"]
[Site "Turin ITA"]
[Date "2010.01.07"]
[Round "6"]
[White "Mrdja,M"]
[Black "Molina,Fa"]
[Result "1-0"]
[WhiteElo "2392"]
[BlackElo "2228"]

1.e4 d6 2.d4 Nf6 3.Nc3 e5 4.Nf3 Nbd7 5.Bc4 Be7 6.O-O O-O 7.Re1 c6 8.a4 b6
9.h3 a6 10.b3 Rb8 11.Bb2 exd4 12.Nxd4 Ne5 13.Bf1 Qc7 14.f4 Ng6 15.Qf3 d5
16.e5 Bc5 17.Rad1 Re8 18.b4 Ne4 19.bxc5 bxc5 20.Nb3 c4 21.Nxe4 dxe4 22.Rxe4 cxb3
23.cxb3 Qb6+ 24.Re3 Be6 25.Rd6 Nh4 26.Qf2 Nf5 27.Rxe6 Rxe6 28.Rc3 a5 29.Qxb6 Rxb6
30.Bc4 Re8 31.Rd3 h5 32.Bc3 h4 33.Bxa5 Rb7 34.Kf2 g5 35.Kf3 gxf4 36.Kxf4 Ne7
37.Rd6 Kg7 38.Ke4 Ng6 39.Bc3 f6 40.e6 Rbe7 41.Rxc6  1-0

[Event "XXXV Open"]
[Site "Seville ESP"]
[Date "2010.01.09"]
[Round "2"]
[White "Rizouk,A"]
[Black "Perera Borrego,M"]
[Result "1-0"]
[WhiteElo "2532"]
[BlackElo "2065"]

1.e4 d6 2.d4 Nf6 3.Nc3 e5 4.Nf3 Nbd7 5.Bc4 Be7 6.O-O O-O 7.Re1 c6 8.a4 b6
9.Ba2 a6 10.Be3 Rb8 11.Nh4 exd4 12.Bxd4 Nc5 13.Nf3 Be6 14.b4 Nb7 15.Bxe6 fxe6
16.Qe2 c5 17.bxc5 bxc5 18.Bxf6 gxf6 19.Qxa6 Qa5 20.Qd3 Nd8 21.Nd2 Nc6 22.Nc4 Qa6
23.Nb5 Nb4 24.Qd1 Rfd8 25.c3 Nc6 26.Qg4+ Kf7 27.Qh5+ Kg8 28.Qh3 Qc8 29.Rad1 d5
30.Ncd6 Bxd6 31.Nxd6 Qd7 32.exd5 Qxd6 33.Qg4+ Kh8 34.dxc6 Qxc6 35.Rxd8+ Rxd8
36.h3 Rg8 37.Qe4 Qxe4 38.Rxe4 Re8 39.a5 Kg7 40.a6 Kf7 41.a7 Ra8 42.Ra4 h6
43.Kf1 Ke7 44.Ra6 e5 45.Ke2 h5 46.Kd3  1-0

[Event "Open"]
[Site "Prague CZE"]
[Date "2010.01.11"]
[Round "4"]
[White "Kislik,E"]
[Black "Danielsen,Hen"]
[Result "1/2-1/2"]
[WhiteElo "2336"]
[BlackElo "2495"]

1.e4 d6 2.d4 Nf6 3.Nc3 c6 4.Nf3 Bg4 5.h3 Bh5 6.Bd3 e6 7.g4 Bg6 8.g5 Nfd7
9.Nh4 d5 10.Nxg6 hxg6 11.h4 Qb6 12.Ne2 Na6 13.c3 dxe4 14.Bxe4 O-O-O 15.Qb3 Nc7
16.Be3 Nd5 17.O-O-O Bd6 18.Rh3 Qxb3 19.axb3 a6 20.Kc2 Rh5 21.Bc1 Rf8 22.Rdh1 Kd8
23.Kd1  1/2-1/2

[Event "Open"]
[Site "Prague CZE"]
[Date "2010.01.12"]
[Round "5"]
[White "Zvara,P"]
[Black "Kochetkova,J"]
[Result "1-0"]
[WhiteElo "2419"]
[BlackElo "2309"]

1.e4 d6 2.d4 Nf6 3.Nc3 e5 4.dxe5 dxe5 5.Qxd8+ Kxd8 6.Bg5 Be6 7.f4 exf4 8.O-O-O+ Nd7
9.Nge2 Kc8 10.Nxf4 Bg4 11.Rd2 Bb4 12.Bd3 Re8 13.h3 Be6 14.Nxe6 Rxe6 15.Bc4 Bxc3
16.bxc3 Nxe4 17.Bxe6 fxe6 18.Rd4 Nxc3 19.Re1 b5 20.Rxe6 Nb6 21.Bd2 Ncd5 22.Re8+ Kb7
23.Rxa8 Kxa8 24.Ba5  1-0

[Event "Open"]
[Site "Prague CZE"]
[Date "2010.01.12"]
[Round "6"]
[White "Maslak,K"]
[Black "Yatsenko,A"]
[Result "1-0"]
[WhiteElo "2571"]
[BlackElo "2468"]

1.e4 d6 2.d4 Nf6 3.Nc3 e5 4.Nf3 Nbd7 5.Bc4 Be7 6.O-O O-O 7.a4 c6 8.a5 Nxe4
9.Nxe4 d5 10.Qe2 exd4 11.Bd3 dxe4 12.Qxe4 Nf6 13.Qh4 c5 14.Re1 Re8 15.Bg5 Be6
16.Bxf6 Bxf6 17.Qxh7+ Kf8 18.Bb5 Qd5 19.Bxe8 Rxe8 20.b3 Qf5 21.Qxf5 Bxf5
22.Ra2 Re6 23.Rxe6 Bxe6 24.Nd2 Bd5 25.g3 Ke7 26.Kf1 Kd6 27.Ke2 Kc6 28.Kd3 Kb5
29.Nc4 Be6 30.Nd6+ Kc6 31.Nc4 Kb5 32.h4 Bf5+ 33.Kd2 Be6 34.Nd6+ Kc6 35.Ne8 Bd8
36.Nxg7 Bg4 37.Ra1 Kd7 38.h5 Bg5+ 39.Kd3 Ke7 40.f3 Bxf3 41.Re1+ Kd7 42.Rf1 Bg4
43.Rxf7+ Kc8 44.Nf5 Bxh5 45.Nd6+ Kd8 46.Nxb7+ Kc8 47.Nd6+ Kd8 48.Rxa7 Bg6+
49.Ne4  1-0

[Event "Open"]
[Site "Prague CZE"]
[Date "2010.01.12"]
[Round "6"]
[White "Kanovsky,D"]
[Black "Malaniuk,V"]
[Result "1/2-1/2"]
[WhiteElo "2471"]
[BlackElo "2573"]

1.e4 d6 2.d4 Nf6 3.Nc3 e5 4.dxe5 dxe5 5.Qxd8+ Kxd8 6.Bg5 Be6 7.O-O-O+ Kc8
8.f4 exf4 9.e5 h6 10.Bxf6 gxf6 11.exf6 Nd7 12.Nge2 Bc5 13.Nd4 Nxf6 14.g3 Bxd4
15.Rxd4 fxg3 16.hxg3 c6 17.Bc4 Bxc4 18.Rxc4 Ne8 19.Rf4 Nd6 20.Ne4 Nxe4 21.Rxe4 Kc7
22.Re7+  1/2-1/2

[Event "XXXV Open"]
[Site "Seville ESP"]
[Date "2010.01.12"]
[Round "5"]
[White "Berbatov,K"]
[Black "Hickl,J"]
[Result "0-1"]
[WhiteElo "2455"]
[BlackElo "2572"]

1.e4 d6 2.d4 Nf6 3.Nc3 e5 4.Nf3 exd4 5.Nxd4 Be7 6.Bf4 O-O 7.Qd2 Nc6 8.O-O-O Nxd4
9.Qxd4 Be6 10.f3 a6 11.g4 Nd7 12.Kb1 b5 13.h4 Bf6 14.Qd2 Nb6 15.g5 Be5 16.Be3 b4
17.Nd5 Bxd5 18.exd5 Na4 19.Bd4 Bxd4 20.Qxd4 Qb8 21.h5 Qb6 22.h6 Qxd4 23.Rxd4 Rfe8
24.Bh3 Re3 25.Rxb4 Rae8 26.Rd1 Nb6 27.a4 a5 28.Rf4 R8e5 29.Rf5 Re1 30.Rxe1 Rxe1+
31.Ka2 Nxa4 32.hxg7 Nb6 33.Bg4 Rh1 34.Kb3 Kxg7 35.c4 Rh2 36.Rf4 h6 37.gxh6+ Rxh6
38.Re4 Kf8 39.Ka3 Rh1 40.b4 a4 41.Rd4 Rc1 42.c5 dxc5 43.bxc5 Rxc5 44.Kb4 Rxd5
45.Rxd5 Nxd5+ 46.Kxa4 Ke7 47.Kb5 Kd6 48.Bh5 f6 49.Kc4 c5 50.Bf7 Nb6+ 51.Kb5 Nd7
52.f4 Nf8 53.Kc4 Ne6 54.f5 Nd4 55.Bg6 Nf3 56.Bh7 Kc6 57.Bg8 Ne5+ 58.Kc3 Kb5
59.Be6 Kc6 60.Bg8 Nd7 61.Kc4 Nb6+ 62.Kc3 Kb5 63.Ba2 Na4+ 64.Kd3 Kb4 65.Bf7 Nb2+
66.Kc2 Nc4 67.Be6 Nb6 68.Kd3 c4+ 69.Kd4 c3 70.Kd3 Na4 71.Kc2 Nc5 72.Bd5 Nd7
73.Kd3 Ne5+ 74.Kc2 Kc5  0-1

[Event "XXXV Open"]
[Site "Seville ESP"]
[Date "2010.01.13"]
[Round "6"]
[White "Urbina Perez,J"]
[Black "Rivas Pastor,M"]
[Result "0-1"]
[WhiteElo "2197"]
[BlackElo "2531"]

1.e4 d6 2.d4 Nf6 3.Nc3 c6 4.a4 e5 5.Nf3 Qc7 6.h3 Be7 7.Bc4 O-O 8.O-O a5 9.Qe2 Na6
10.Rd1 Nb4 11.Bg5 h6 12.Bxf6 Bxf6 13.dxe5 dxe5 14.Rd2 Rd8 15.Rxd8+ Qxd8 16.Nd1 Na6
17.Bxa6 Rxa6 18.Ne3 Ra8 19.Ng4 Bxg4 20.hxg4 Qb6 21.b3 Qb4 22.Qe1 Qc5 23.c4 Qe7
24.Rd1 Qe6 25.Nh2 Be7 26.Qe2 Bc5 27.Nf1 g6 28.Rd3 Kg7 29.Nh2 Rh8 30.Rh3 Rd8
31.Rd3 Bd4 32.g3 Rh8 33.Nf3 c5 34.Kg2 h5 35.gxh5 Rxh5 36.Nh4 Qf6 37.Qf3 Qg5
38.Kf1 Rh8 39.Rd1 Rd8 40.Ke2 Rd6 41.Qd3 Rf6 42.Nf3 Qh5 43.Rg1 Kf8 44.g4 Qh8
45.Rg3 Rf4 46.g5 Ke7 47.Rg2 Qh1 48.Rg1 Qh3 49.Rg3 Qc8 50.Rg2 Qc6 51.Nd2 Qd7
52.Qg3 Bb2 53.Qd3 Qd4 54.Qxd4 cxd4 55.c5 Bc3 56.Nc4 Rxe4+ 57.Kd3 Re1 58.Nd6 Ke6
59.f3 Re3+ 60.Kc4 b6 61.Rf2 bxc5 62.Nb7 Bb4 63.Nd8+ Ke7  0-1

[Event "2nd Kirov Memorial Open"]
[Site "Blagoevgrad BUL"]
[Date "2010.01.14"]
[Round "5"]
[White "Gantar,J"]
[Black "Menkinoski,R"]
[Result "1-0"]
[WhiteElo "2077"]
[BlackElo "2355"]

1.e4 d6 2.d4 Nf6 3.Nc3 e5 4.Nf3 Nbd7 5.Bc4 Be7 6.O-O O-O 7.Re1 c6 8.a4 b6
9.d5 Bb7 10.b3 Nc5 11.Ba3 cxd5 12.Bxd5 Bxd5 13.exd5 Rc8 14.Nb5 Qd7 15.c4 g6
16.Bb2 a6 17.Nc3 Nh5 18.a5 bxa5 19.Rxa5 Rb8 20.Rxc5 dxc5 21.Nxe5 Qb7 22.Nc6 Rbe8
23.Ne4 f5 24.Nxe7+ Rxe7 25.Nxc5 Rxe1+ 26.Qxe1 Qc8 27.Ne6 Rf7 28.Qe5 Nf6 29.Ng5 Rf8
30.Qe7  1-0

[Event "8th Parsvnath Open"]
[Site "New Delhi IND"]
[Date "2010.01.14"]
[Round "2"]
[White "Saptarshi,R"]
[Black "Lokesh,P"]
[Result "1-0"]
[WhiteElo "2407"]
[BlackElo "2120"]

1.d4 Nf6 2.Nc3 d6 3.e4 Nbd7 4.g4 h6 5.h3 c5 6.dxc5 Nxc5 7.Bg2 Bd7 8.Nge2 Bc6
9.Ng3 e6 10.Be3 a5 11.O-O b5 12.Re1 b4 13.Nd5 Ncd7 14.a3 Be7 15.Nxe7 Qxe7
16.axb4 axb4 17.Rxa8+ Bxa8 18.Qd4 O-O 19.Qxb4 Rb8 20.Qa3 Ne5 21.b3 Qc7 22.Qa7 Qxa7
23.Bxa7 Rc8 24.Re2 Nc6 25.Be3 Nb4 26.c4 Rb8 27.Rd2 Ne8 28.Ne2 Na6 29.Nc1 Kf8
30.f4 f6 31.e5 fxe5 32.fxe5 Bxg2 33.Kxg2 dxe5 34.Rd7 Nf6 35.Rd6 Nc7 36.Rc6 Rb7
37.b4 e4 38.Nb3 Ke8 39.b5 Nxb5 40.cxb5 Rxb5 41.Rxe6+ Kf7 42.Rb6  1-0